Photooxidation of the Composite Lignin/Polypropylene Films

Bibliographic Details
Main Authors: Košíková, Božena, 1938-2020 (Author), Kačuráková, Marta (Author), Demianová, Valéria (Author)
Format: Article
Language:English
PhysicalDescription:Grafy 5, tab. 2, res. angl., lit. 13 zázn. v angl., češ.
ISSN:0366-6352
Subjects:

MARC

LEADER 00000nab a2200000 a 4500
001 vtls000497466
003 SK-MaSNL
005 20260318132557.0
008 230303c1993 xo 0 eng
015 |a SNBRB19rr/mm-uuuuu 
035 |a CL0497604 
035 |a urn:nbn:sk:snk-ab7hm8 
035 |a (urnnbn)urn:nbn:sk:snk:ar-005sxo 
035 |a (uuid)fcc0415e-72f1-4c50-b0a2-db65ae09037f 
040 |a SNKBUCL  |b slo  |c SNKBUCL  |e AACR2 
041 0 |a eng 
044 |a xo  |c SK 
080 |a 678.742.04-416:547.992:542.943  |2 1981 
080 |a 547.992  |2 1981 
080 |a 542.943  |2 1981 
080 |a 547.313.3  |2 1981 
100 1 |a Košíková, Božena,  |d 1938-2020  |4 aut  |9 222453 
245 1 0 |a Photooxidation of the Composite Lignin/Polypropylene Films  |c Božena Košíková, Marta Kačuráková, V. Demianová 
300 |b Grafy 5, tab. 2, res. angl., lit. 13 zázn. v angl., češ. 
650 0 7 |a polypropylén  |2 snkbucl  |9 20963 
650 0 7 |a lignín  |2 snkbucl  |9 15198 
650 0 7 |a fotooxidácia  |2 snkbucl  |9 986972 
655 7 |a články z novín a časopisov  |2 snkbucl  |9 267496 
700 1 |a Kačuráková, Marta  |4 aut  |9 803468 
700 1 |a Demianová, Valéria  |4 aut  |9 680131 
773 0 |t Chemical papers. Chemické zvesti  |g Roč. 47, č. 2 (1993), s. 132-135  |x 0366-6352 
850 |a Slovenská národná knižnica v Martine  |a MTA001 
852 |a SNK  |b KIS3GCP 
958 |a NB 
958 |a RK 
958 |a OND 
958 |a EUIPO 
958 |a article7 
992 |a RBX 
999 |c 2136197  |d 2138127